Trading free <the> GATT and U.S. trade policy

Guardado en:
Detalles Bibliográficos
Autor principal: Low, Patrick
Formato: Libro
Lenguaje:inglés
Publicado: New York The Twentieth Century Fund Press 1993
Materias:
Etiquetas: Agregar Etiqueta
Sin Etiquetas, Sea el primero en etiquetar este registro!

MARC

LEADER 00000nam a2200000 4500
001 c018948
005 20221206075136.1
020 |a 0-87078-352-1 
041 0 |a eng 
044 |a US 
245 1 0 |a Trading free  |b <the> GATT and U.S. trade policy  |c Patrick Low 
264 1 |a New York  |b The Twentieth Century Fund Press  |c 1993 
300 |a 299 s. 
610 2 0 |a obchod voľný 
610 2 0 |a politika obchodná 
610 2 0 |a makroekonomika 
610 2 0 |a pohyb tovaru 
610 2 0 |a liberalizácia 
610 2 0 |a globalizácia 
610 2 0 |a politika hospodárska medzinárodná 
610 2 0 |a USA 
610 2 0 |a Všeobecná dohoda o clách a obchode 
100 1 |a Low, Patrick